| 000 | 02059nam a22002417a 4500 | ||
|---|---|---|---|
| 003 | BJBSDDR | ||
| 005 | 20260511123623.0 | ||
| 007 | ta | ||
| 008 | 260511s2008 nyu||||| |||| 00| 0 eng d | ||
| 020 | _a9781400066247 | ||
| 020 | _a1400066247 | ||
| 040 |
_bspa _cBJBSDDR |
||
| 041 | _aeng | ||
| 050 | _bC953 2008 | ||
| 100 | 1 |
_aCrowley, Roger _948373 |
|
| 245 | 1 | 0 |
_aEmpires of the sea : _bthe siege of Malta, the battle of Lepanto, and the contest for the center of the world / _cRoger Crowley |
| 260 |
_aNew York : _bRandom House Trade Paperbacks, _c2008 |
||
| 300 |
_axvii, 336 pages : _billustrations ; _c20 cm |
||
| 505 | _aPtolemy's map Map: The Mediterranean, c. 1560 Map: The Siege of Malta Map: The Battle of Lepanto I. CAESARS: THE CONTEST FOR THE SEA. The Sultan pays a visit A supplication The king of evil The voyage to Tunis Doria and Barbarossa The Turkish Sea II. EPICENTER: THE BATTLE FOR MALTA. Nest of vipers Invasion fleet The post of death The Ravelin of Europe The last swimmers Payback Trench wars "Malta York" III. ENDGAME: HURTLING TO LEPANTO. The pope's dream A head in a dish Famagusta Christ's general Snakes to a charm "Let's fight" Sea of fire Other oceans Epilogue: Traces | ||
| 520 | _aA thrilling account of the brutal decades-long battle between Christendom and Islam for the soul of Europe. This struggle's brutal climax came between 1565 and 1571, seven years that witnessed a fight to the finish decided in a series of bloody set pieces: the epic siege of Malta, in which a tiny band of Christian defenders defied the might of the Ottoman army; the savage battle for Cyprus; and the apocalyptic last-ditch defense of southern Europe at Lepanto--one of the single most shocking days in world history. At the close of this cataclysmic naval encounter, the carnage was so great that the victors could barely sail away because of the countless corpses floating in the sea. Lepanto fixed the frontiers of the Mediterranean world that we know today | ||
| 942 |
_2lcc _n0 _cBK |
||
| 946 | _icmc | ||
| 999 |
_c127042 _d127042 |
||